000 004850000a22001930004500
999 _c49218
_d49218
001 2070
003 CO-MdFUSB
005 20181001163110.0
008 181001b xxu||||| |||| 00| 0 eng d
020 _a0-590-46987-8
040 _cCO-MdBIC
082 0 4 _a813C B76tv
100 1 _aBridwell, Norman
245 1 0 _aClifford´s Thanksgiving visit / Norman Bridwell
260 _aUSA : Scholastic
300 _a[32 P.]
650 1 4 _aCuentos Infantiles estadounidenses
942 _cLGB